| 000 | 00791nam a2200217 a 4500 | ||
|---|---|---|---|
| 005 | 20210223133014.0 | ||
| 008 | 160815s2012 mx r 000 0 spa d | ||
| 020 | _a9786074016413 | ||
| 035 | _aUPN01000212304 | ||
| 049 | _aCG | ||
| 050 | 4 |
_aJV6038 _bD4.7 |
|
| 245 | 0 | 0 |
_aDesarrollo desigual y migración forzada : _buna mirada desde el sur global / _ccoord. Raúl Delgado Wise. |
| 260 |
_aMéxico : _bUniversidad Autónoma de Zacatecas : _bM.A. Porrúa. _c2012. |
||
| 300 |
_a306 p. : _bil., gráfs., tablas |
||
| 440 | 0 | _aDesarrollo y migración | |
| 650 | 4 |
_aEMIGRACION E INMIGRACION - _xPOLITICA GUBERNAMENTAL _925183 |
|
| 650 | 4 |
_aEMIGRACION E INMIGRACION - _xASPECTOS ECONOMICOS _915744 |
|
| 700 | 1 |
_aDelgado Wise, Raúl, _d1950- _ecoord. _939360 |
|
| 905 | _aLibro | ||
| 999 |
_c184404 _d184404 |
||